000
00335nam a2200121Ia 4500
008
180117s9999 xx 000 0 und d
100
_a
by Alfredo N Mendoza V
245
_a
Air Pollution is More HArmful than you Think
260
_c
2017
300
_a
22-25 pages, 2017 July 16
440
_a
Philippine Panorama
650
_a
POLLUTION
999
_c
353332
_d
353332